| 000 | 01240nam a2200337 i 4500 | ||
|---|---|---|---|
| 003 | EG-GICUC | ||
| 005 | 20260124103954.0 | ||
| 008 | 251216s1994 ua ||||fr|||| 00| 0 ara d | ||
| 017 | _a1994/5315 | ||
| 020 | _a9770411752 | ||
| 040 |
_a EG-GICUC _bara _c EG-GICUC _d EG-GICUC _erda |
||
| 041 | 0 | _aara | |
| 082 | 0 | 4 |
_221 _a343.46 _bم ح . ث |
| 092 | 0 | 4 | _221 |
| 099 | _aLaw1 10 343.46 م ح . ث 1994 | ||
| 100 | 0 |
_aمحمد سامي الشوا _eمؤلف. |
|
| 245 | 1 | 0 |
_aثورة المعلومات وانعكاساتها على قانون العقوبات / _cالدكتور محمد سامي الشوا. |
| 264 | 1 |
_aالقاهرة : _bدار النهضة العربية، _c1994. |
|
| 300 |
_a248 صفحة ؛ _c24 سم. |
||
| 336 |
_2rda content _atext |
||
| 337 |
_2rda media _aComputer |
||
| 338 |
_2rda carrier _aOnline Resource |
||
| 504 | _aببليوجرافيا: صفحات 235-242. | ||
| 546 | _aالنص باللغة العربية | ||
| 650 | 1 | 4 |
_aالتشريعات المتعلقة بتقنية المعلومات _2qrmak |
| 650 | 1 | 4 |
_aالقانون الجنائي _2qrmak |
| 651 | 1 | _2qrmak | |
| 856 | 4 | 0 | _uhttps://fll.law.cu.edu.eg/fulltext/bks/B10-07008.pdf |
| 905 |
_a77 _eEman |
||
| 942 |
_2ddc _cBK _e21 _n0 |
||
| 999 |
_c50734 _d50734 |
||